Statistics for World Currency - #1

Click here to take the quiz!

General Stats

  • This quiz has been taken 23 times
  • The average score is 9 of 13

Answer Stats

CurrencyCountry% Correct
RupeeIndia
100%
YenJapan
100%
RubleRussia
100%
ZlotyPoland
95%
WonSouth Korea
95%
PesoMexico
90%
BahtThailand
90%
QuetzalGuatemala
76%
RupiahIndonesia
62%
LevBulgaria
57%
KwanzaAngola
48%
PulaBotswana
29%
FrancDjibouti
5%

Score Distribution

Percentile by Number Answered

Percent of People with Each Score

Your Score History

You have not taken this quiz